Dove giocava nel 2010-2011? - Quiz n°27 - Statistics

Statistiche generali
  • Questo quiz è stato fatto 23 volte
  • Il punteggio medio è 6 su 10
Statistiche sulle risposte
Hint Risposta % Corretto
Andrea Cossu Cagliari
83%
Asier Illarramendi Real Sociedad
78%
Cristian Zaccardo Parma
72%
Fernandinho Shakhtar Donetsk
67%
Luigi Sepe Napoli
61%
Anthony Lopes Olympique Lione 2
56%
Gabi Real Saragozza
56%
Francesco Acerbi Reggina
50%
Vincent Aboubakar Valenciennes
44%
Valter Birsa Auxerre
28%
Nessun quiz corrispondente trovato
Distribuzione punteggi
Percentuale di utenti per punteggio
Percentile per numero di risposta
I tuoi punteggi nel tempo
Non hai fatto questo quiz